| 000 | 00640nam a2200205Ia 4500 | ||
|---|---|---|---|
| 001 | 19580 | ||
| 003 | GE_BSU | ||
| 008 | 181216s||||||||xx |||||||||||||| ||und|| | ||
| 040 | _cGE_BSU | ||
| 080 | _a02 | ||
| 245 | _aუნივერსალური ათწილადი კლასიფიკაცია | ||
| 260 | _aთბილისი | ||
| 260 | _c? | ||
| 300 | _a76გვ. | ||
| 541 | _h4ლ.25თ. | ||
| 653 | _aბიბლიოთეკარი | ||
| 653 | _aუნივერსალური ათწილადი კლასიფიკაცია | ||
| 653 | _aქსეროქსი | ||
| 942 | _cBK | ||
| 999 |
_c52556 _d52556 |
||